[Event "Stare Mesto Slavia Kromeriz op 2nd"]
[Site "Stare Mesto"]
[Date "2024.03.30"]
[Round "4"]
[White "Neuman, Petr"]
[Black "Babula, Vlastimil1"]
[Result "1-0"]
[WhiteElo "2399"]
[BlackElo "2363"]
[PlyCount "63"]
[EventDate "2024.03.28"]
[EventType "swiss"]
[EventRounds "7"]
[EventCountry "CZE"]
[SourceTitle "CB14_2024"]
[SourceDate "2024.04.01"]
[SourceVersion "1"]
[SourceVersionDate "2024.04.01"]
[SourceQuality "1"]

1. Nf3 d5 2. g3 Nd7 3. d4 Nb6 4. b3 c6 5. c4 dxc4 6. bxc4 Nxc4 7. e4 Nb6 8. Nbd2 Nf6 9. a4 a5 10. Bg2 g6 11. Rb1 Bg7 12. Qb3 Nbd7 13. 0-0 0-0 14. Ba3 Rb8 15. Rfd1 b6 16. Rbc1 Bb7 17. Ne5 Rc8 18. Ndc4 Ba8 19. Bh3 Rb8 20. Nxf7 Rxf7 21. Ne5 Nxe5 22. dxe5 Qe8 23. exf6 Bxf6 24. Be6 c5 25. Bxc5 Bxe4 26. Bd4 Kg7 27. Qe3 Bf5 28. Bxf7 Qxf7 29. Rc7 Re8 30. Re1 Kf8 31. Rb7 Qd5 32. Bxf6 1-0

[Event "Ricany op"]
[Site "Ricany"]
[Date "2023.08.29"]
[Round "5"]
[White "Horak, Martin"]
[Black "Neuman, Petr"]
[Result "1-0"]
[WhiteElo "2302"]
[BlackElo "2370"]
[PlyCount "63"]
[EventDate "2023.08.26"]
[EventType "swiss"]
[EventRounds "9"]
[EventCountry "CZE"]
[SourceTitle "EXT 2024"]
[Source "ChessBase"]
[SourceDate "2023.10.10"]
[SourceVersion "1"]
[SourceVersionDate "2023.10.10"]
[SourceQuality "1"]

1. e4 c6 2. Nf3 d5 3. Nc3 dxe4 4. Nxe4 Nf6 5. Qe2 Nxe4 6. Qxe4 Nd7 7. Bc4 Nf6 8. Ne5 e6 9. Qe2 b5 10. Bd3 Bb7 11. a4 a6 12. 0-0 Bd6 13. b3 h5 14. Bb2 Ng4 15. Rae1 Qc7 16. Nxg4 hxg4 17. g3 bxa4 18. bxa4 c5 19. Qxg4 0-0-0 20. Be4 Bxe4 21. Qxe4 Rh5 22. Bxg7 Qb7 23. Bf6 Rg8 24. Qxb7+ Kxb7 25. Rb1+ Kc6 26. Bc3 Bc7 27. Rfe1 Rg6 28. Kg2 Rgh6 29. h4 Rg6 30. Kh3 f5 31. Be5 Bd8 32. Rb8 1-0

[Event "Olomouc GM-B 24th"]
[Site "Olomouc"]
[Date "2023.08.16"]
[Round "6"]
[White "Neuman, Petr"]
[Black "Mirzoev, Azer"]
[Result "1-0"]
[WhiteElo "2370"]
[BlackElo "2417"]
[PlyCount "107"]
[EventDate "2023.08.12"]
[EventType "tourn"]
[EventRounds "9"]
[EventCountry "CZE"]
[EventCategory "6"]
[SourceTitle "CBM 215 Extra"]
[Source "ChessBase"]
[SourceDate "2023.09.30"]
[SourceVersion "1"]
[SourceVersionDate "2023.09.30"]
[SourceQuality "1"]

1. d4 d5 2. c4 c6 3. cxd5 cxd5 4. Bf4 Nc6 5. e3 Nf6 6. Nc3 e6 7. Bd3 Bd6 8. Bxd6 Qxd6 9. f4 0-0 10. Nf3 Bd7 11. Rc1 Rfc8 12. 0-0 Be8 13. Ne5 Nd7 14. a3 f6 15. Nxc6 Rxc6 16. e4 Nb6 17. e5 Qe7 18. Qe2 a6 19. Rce1 f5 20. g4 Bg6 21. gxf5 Bxf5 22. Bxf5 exf5 23. Kh1 Rg6 24. Rg1 Rxg1+ 25. Rxg1 Rd8 26. Qf3 Qe6 27. Rg2 Rd7 28. h4 Nc8 29. h5 Ne7 30. Qh3 Nc6 31. Ne2 Rf7 32. Rg5 Qd7 33. Qd3 Rf8 34. Kh2 Qf7 35. Qh3 Ne7 36. Rg2 Rc8 37. h6 g6 38. Ng1 Nc6 39. Rc2 Qd7 40. Nf3 Ne7 41. Rxc8+ Qxc8 42. Qh4 Qf8 43. Kg3 Nc6 44. Qh1 Qd8 45. b4 Qd7 46. Qc1 b6 47. Qf1 Qc8 48. b5 Nb8 49. bxa6 Qxa6 50. Qxa6 Nxa6 51. Ng5 Nc7 52. e6 Ne8 53. e7 Nd6 54. Kf3 1-0

[Event "Prague Summer op-A 10th"]
[Site "Prague"]
[Date "2023.08.09"]
[Round "7"]
[White "Neuman, Petr"]
[Black "Netusil, Miloslav"]
[Result "1-0"]
[WhiteElo "2370"]
[BlackElo "2159"]
[PlyCount "83"]
[EventDate "2023.08.04"]
[EventType "swiss"]
[EventRounds "9"]
[EventCountry "CZE"]
[SourceTitle "CBM 215 Extra"]
[Source "ChessBase"]
[SourceDate "2023.09.30"]
[SourceVersion "1"]
[SourceVersionDate "2023.09.30"]
[SourceQuality "1"]

1. c4 e5 2. Nc3 Bb4 3. Nd5 a5 4. a3 Be7 5. g3 Nf6 6. Bg2 0-0 7. Nf3 Nc6 8. 0-0 d6 9. d3 Nd4 10. Nxe7+ Qxe7 11. Nxd4 exd4 12. e3 dxe3 13. Bxe3 c6 14. Qd2 Be6 15. Bd4 d5 16. c5 Nd7 17. f4 f5 18. Qc3 Rfe8 19. Rfe1 Nf8 20. Re3 Qf7 21. Rae1 Bd7 22. Be5 Ne6 23. d4 Nf8 24. Qb3 Bc8 25. Bf3 Be6 26. h3 Qd7 27. Kh2 Ng6 28. Bd6 Bf7 29. Rxe8+ Bxe8 30. Bh5 Qf7 31. Re2 Rd8 32. Qb6 Ra8 33. Qb3 Rd8 34. Qb6 Ra8 35. a4 Qf6 36. Qxb7 Rd8 37. Qc7 Ra8 38. Qb7 Rd8 39. Qc7 Ra8 40. Bxg6 hxg6 41. h4 Bf7 42. Re5 1-0

[Event "Pardubice Czech op-A 34th"]
[Site "Pardubice"]
[Date "2023.07.23"]
[Round "3"]
[White "Neuman, Petr"]
[Black "Chyzy, Jakub"]
[Result "0-1"]
[WhiteElo "2400"]
[BlackElo "2242"]
[PlyCount "86"]
[EventDate "2023.07.21"]
[EventType "swiss"]
[EventRounds "9"]
[EventCountry "CZE"]
[SourceTitle "CBM 215 Extra"]
[Source "ChessBase"]
[SourceDate "2023.09.30"]
[SourceVersion "1"]
[SourceVersionDate "2023.09.30"]
[SourceQuality "1"]

1. c4 Nf6 2. Nf3 e6 3. g3 d5 4. Bg2 Be7 5. 0-0 0-0 6. d4 dxc4 7. Qc2 a6 8. a4 Bd7 9. Qxc4 Bc6 10. Bf4 a5 11. Nc3 Na6 12. Rfd1 h6 13. Ne1 Bxg2 14. Nxg2 Nd5 15. e4 Nxf4 16. Nxf4 c6 17. d5 exd5 18. exd5 Qb6 19. d6 Bg5 20. Nd3 Bf6 21. Ne4 Qd4 22. Nxf6+ Qxf6 23. Nc5 Nxc5 24. Qxc5 Qxb2 25. Rab1 Qa2 26. Rxb7 Qxa4 27. Re1 Rad8 28. Kg2 Rfe8 29. Qf5 Qc4 30. Rxe8+ Rxe8 31. Re7 Rd8 32. Re5 Qd4 33. Rxa5 Qxd6 34. h4 g6 35. Qc2 Qd2 36. Qa4 Qc3 37. Ra7 Rd5 38. Qf4 Rf5 39. Qxh6 Qf3+ 40. Kh3 Qh1+ 41. Kg4 Qd1+ 42. Kh3 Qh1+ 43. Kg4 Rg5+ 0-1

[Event "Pardubice rapid op 34th"]
[Site "Pardubice"]
[Date "2023.07.20"]
[Round "4"]
[White "Kovalskyi, Roman"]
[Black "Neuman, Petr"]
[Result "0-1"]
[WhiteElo "2036"]
[BlackElo "2400"]
[PlyCount "56"]
[EventDate "2023.07.19"]
[EventType "swiss (rapid)"]
[EventRounds "9"]
[EventCountry "CZE"]
[SourceTitle "CBM 215 Extra"]
[Source "ChessBase"]
[SourceDate "2023.09.30"]
[SourceVersion "1"]
[SourceVersionDate "2023.09.30"]
[SourceQuality "1"]

1. e4 d6 2. d4 Nf6 3. Nc3 c6 4. a4 e5 5. Nge2 Be7 6. h3 0-0 7. Be3 Re8 8. g3 exd4 9. Nxd4 d5 10. exd5 Nxd5 11. Nxd5 Qxd5 12. Nf3 Bc5 13. Qxd5 cxd5 14. Bb5 Nc6 15. 0-0-0 Bxe3+ 16. fxe3 Rxe3 17. Rxd5 Bxh3 18. Rxh3 Rxf3 19. Rd7 a6 20. Bxc6 bxc6 21. Rc7 f5 22. Rh5 Rf8 23. g4 f4 24. Rg5 g6 25. Rxc6 Rf1+ 26. Kd2 f3 27. Rd5 f2 28. Ke2 Re1+ 0-1

[Event "Klatovy op-A 29th"]
[Site "Klatovy"]
[Date "2023.07.03"]
[Round "3"]
[White "Neuman, Petr"]
[Black "Munk, Petr"]
[Result "1-0"]
[WhiteElo "2400"]
[BlackElo "2096"]
[PlyCount "65"]
[EventDate "2023.07.01"]
[EventType "swiss"]
[EventRounds "9"]
[EventCountry "CZE"]
[SourceTitle "CBM 215 Extra"]
[Source "ChessBase"]
[SourceDate "2023.09.30"]
[SourceVersion "1"]
[SourceVersionDate "2023.09.30"]
[SourceQuality "1"]

1. e4 c5 2. Nc3 Nc6 3. Bb5 Nd4 4. Bc4 g6 5. Nf3 Bg7 6. Nxd4 cxd4 7. Qf3 Nf6 8. Ne2 Qc7 9. d3 Qc5 10. c3 d5 11. exd5 Bg4 12. Qf4 Bxe2 13. cxd4 Qb6 14. Kxe2 Rd8 15. Re1 Nxd5 16. Qf3 e6 17. Bg5 Rd7 18. Kf1 0-0 19. Re2 Bxd4 20. h4 Qd6 21. g3 a6 22. h5 b5 23. Bb3 a5 24. a3 a4 25. Ba2 Ne7 26. hxg6 hxg6 27. Rae1 Kg7 28. Kg2 Qc6 29. Re4 Bxb2 30. Bxe6 Rxd3 31. Qxd3 f5 32. Bxe7 Re8 33. Qd7 1-0

[Event "CZE-chT 2223"]
[Site "Czech Republic"]
[Date "2023.03.26"]
[Round "11.6"]
[White "Neuman, Petr"]
[Black "Bures, Jaroslav"]
[Result "1/2-1/2"]
[WhiteElo "2387"]
[BlackElo "2419"]
[PlyCount "22"]
[EventDate "2022.10.15"]
[EventType "team-tourn"]
[EventRounds "11"]
[EventCountry "CZE"]
[SourceTitle "CBM 213 Extra"]
[Source "ChessBase"]
[SourceDate "2023.05.31"]
[SourceVersion "1"]
[SourceVersionDate "2023.05.31"]
[SourceQuality "1"]
[WhiteTeam "Ingem Line"]
[BlackTeam "Frydek Mistek"]
[WhiteTeamCountry "CZE"]
[BlackTeamCountry "CZE"]

1. c4 e5 2. g3 Nf6 3. Bg2 d5 4. cxd5 Nxd5 5. Nf3 Nc6 6. 0-0 Nb6 7. b3 Be7 8. Bb2 f6 9. d4 e4 10. Nfd2 f5 11. Nc4 Be6 1/2-1/2